| Tag |
First Indicator |
Second Indicator |
Subfields |
| LEADER |
00000cam a22000007a 4500 |
| 001 |
in00000000067 |
| 005 |
20150930060049.0 |
| 008 |
980803s1998 xxu f000 0 eng d |
| 035 |
|
|
|a (OCoLC)
|
| 035 |
|
|
|a tmp97128493
|
| 035 |
|
|
|9 AHS6478AM
|
| 040 |
|
|
|a MvI
|c MvI
|d UtOrBLW
|
| 049 |
|
|
|a UDOC
|
| 074 |
|
|
|a 0445
|
| 086 |
0 |
|
|a HE 1.2:M 7
|
| 245 |
0 |
0 |
|a Building an Employment Focused Welfare System: Work First and Other Work-Oriented Strategies in Five States, June 1998.
|
| 264 |
|
1 |
|a [Place of publication not identified] :
|b [publisher not identified],
|c [1998?]
|
| 336 |
|
|
|a text
|b txt
|2 rdacontent
|
| 337 |
|
|
|a unmediated
|b n
|2 rdamedia
|
| 338 |
|
|
|a volume
|b nc
|2 rdacarrier
|
| 500 |
|
|
|a Shipping List #: 98-0311-P
|
| 500 |
|
|
|a Shipping List Date: 07/27/98
|
| 710 |
1 |
|
|a United States.
|b Department of Health and Human Services.
|
| 999 |
|
|
|a MARS
|
| 999 |
f |
f |
|s 44270026-982d-3dbb-a1ee-4402bcdb1672
|i 1d8b0223-cfec-3241-a0f2-6db2862ff4bf
|t 0
|
| 952 |
f |
f |
|p normal
|a Texas A&M University
|b College Station
|c Sterling C. Evans Library
|d Evans: US Documents (Annex 5th floor)
|t 0
|e HE 1.2:M 7
|h Superintendent of Documents classification
|i unmediated -- volume
|m A14822849207
|
| 998 |
f |
f |
|a HE 1.2:M 7
|t 0
|l Evans: US Documents (Annex 5th floor)
|